000 01211nam a2200277Ia 4500
001 283-BUR pa si (73)
003 IT-MiSPE
008 171229s9999||||xx |||||||||||||| ||und||
040 _aIT-MiSPE
_cIT-MiSPE
041 _aITALIANO
100 _aPaul M. van Buren
240 _aThe secular meaning of the Gospel
245 0 _aIl significato secolare dell'Evangelo
250 _a1a ed. (v)
260 _aTorino
_bGribaudi
_c1969
300 _a241 p.
_c18 cm
490 _aTeologia in cammino
_v4
500 _aSecolarizzazione - Teologia
501 _aEdizioni San Paolo srl - Piazza Soncino, 5 - 20092 CINISELLO BALSAMO (MI) (non commercial uses only) ® Copyright 2018
520 _aAltri autori: Isabella Cherubini, Filippo Gentiloni Silveri (ed. it.)
700 _aFilippo Gentiloni Silveri
700 _aMichele Sampaolo
_g(traduzione)
942 _cBK
957 _71
999 _a16602
_bNO
_g Copie: 1
_c349775
_d349775